| 000 | 00550nam a2200169Ia 4500 | ||
|---|---|---|---|
| 008 | 140609s9999 xx 000 0 und d | ||
| 020 | _a9780521145367 | ||
| 050 |
_aPN 189 _b.C29 2012 |
||
| 245 | 4 |
_aThe Cambridge companion to creative writing / _cedited by David Morley, Philip Neilsen |
|
| 260 |
_aCambridge ; New York : _bCambridge University Press, _cc2012. |
||
| 300 |
_a222 p. ; _c23 cm. |
||
| 500 | _aIncludes bibliographical references and index. | ||
| 521 | _aGE | ||
| 650 | _aLiterary criticism. | ||
| 942 |
_kFOR _cBK |
||
| 999 |
_c118221 _d118221 |
||